La violence inter-conjugale dans la famille portugaise

Guardado en:  
Detalles Bibliográficos
Autor principal: Ferreira da Silva, Luisa (Autor)
Tipo de documento: Print Artículo
Lenguaje:Francés
Publicado: 1992
En: Revue internationale de criminologie et de police technique et scientifique
Año: 1992, Volumen: 45, Número: 1, Páginas: 17-28
Verificar disponibilidad: HBZ Gateway
Palabras clave:

MARC

LEADER 00000caa a22000002c 4500
001 1640060707
003 DE-627
005 20220608131006.0
007 tu
008 160223s1992 xx ||||| 00| ||fre c
035 |a (DE-627)1640060707 
035 |a (DE-576)456043136 
035 |a (DE-599)BSZ456043136 
040 |a DE-627  |b ger  |c DE-627  |e rakwb 
041 |a fre 
100 1 |a Ferreira da Silva, Luisa  |4 aut 
245 1 3 |a La violence inter-conjugale dans la famille portugaise  |c Luisa Ferreira da Silva 
264 1 |c 1992 
336 |a Text  |b txt  |2 rdacontent 
337 |a ohne Hilfsmittel zu benutzen  |b n  |2 rdamedia 
338 |a Band  |b nc  |2 rdacarrier 
773 0 8 |i In  |t Revue internationale de criminologie et de police technique et scientifique  |d Petit-Lancy : Meichtry, 1953  |g 45(1992), 1, Seite 17-28  |w (DE-627)129509078  |w (DE-600)209851-9  |w (DE-576)014915677  |x 1424-4683  |7 nnas 
773 1 8 |g volume:45  |g year:1992  |g number:1  |g pages:17-28 
935 |a mkri 
951 |a AR 
ELC |b 1 
LOK |0 000 xxxxxcx a22 zn 4500 
LOK |0 001 3301337082 
LOK |0 003 DE-627 
LOK |0 004 1640060707 
LOK |0 005 20251007084845 
LOK |0 008 160208||||||||||||||||ger||||||| 
LOK |0 040   |a DE-21-110  |c DE-627  |d DE-21-110 
LOK |0 689   |a s  |a Gewalt in der Familie 
LOK |0 689   |a g  |a Portugal 
LOK |0 852   |a DE-21-110 
LOK |0 852 1  |m p  |9 00 
LOK |0 935   |a k110 
LOK |0 938   |k p 
LOK |0 939   |a 08-02-16  |b l01 
ORI |a SA-MARC-krimdoka001.raw